Statistiche per Cognomi italiani

Clicka qui per fare il quiz!

Statistiche generali

  • Questo quiz è stato fatto 2.365 volte
  • Il punteggio medio è 8 su 100

Statistiche sulle risposte

Cognome% Corretto
Rossi
97%
Bianchi
80%
Esposito
59%
Ferrari
38%
Russo
34%
Neri
24%
Bianco
16%
Colombo
16%
Conte
16%
Romano
16%
Conti
15%
De Luca
12%
Ferrara
12%
Ricci
11%
Bruno
10%
Costa
10%
Gallo
10%
Martini
10%
Galli
9%
Greco
9%
Mancini
9%
Marino
9%
Ferri
8%
Lombardi
8%
Marini
8%
Caruso
7%
Ferraro
7%
Leone
7%
Monti
7%
Barbieri
6%
De Angelis
6%
Fontana
6%
Gatti
6%
Giordano
6%
Moretti
6%
Rizzo
6%
De Santis
5%
Fabbri
5%
Gentile
5%
Lombardo
5%
Marchetti
5%
Mariani
5%
Martino
5%
Negri
5%
Pellegrini
5%
Santoro
5%
Villa
5%
D'Angelo
4%
Grassi
4%
Longo
4%
Martinelli
4%
Messina
4%
Milani
4%
Parisi
4%
Rinaldi
4%
Sala
4%
Serra
4%
Amato
3%
Bellini
3%
Bernardi
3%
Caputo
3%
Cattaneo
3%
Coppola
3%
D'Amico
3%
Damico
3%
De Rosa
3%
Farina
3%
Fiore
3%
Grasso
3%
Mazza
3%
Morelli
3%
Riva
3%
Rizzi
3%
Rossetti
3%
Sanna
3%
Testa
3%
Vitale
3%
Barone
2%
Benedetti
2%
Donati
2%
Giuliani
2%
Guerra
2%
Orlando
2%
Palumbo
2%
Pellegrino
2%
Piras
2%
Sartori
2%
Silvestri
2%
Sorrentino
2%
Valentini
2%
Vitali
2%
Basile
1%
Battaglia
1%
Carbone
1%
Costantini
1%
Ferretti
1%
Montanari
1%
Pagano
1%
Palmieri
1%
Ruggiero
1%

Distribuzione punteggi

Percentile per numero di risposta

Percentuale di utenti per punteggio

I tuoi punteggi nel tempo

Non hai fatto questo quiz